Nationalism : myth and reality.

Bibliographic Details
Main Author: Shafer, Boyd C.
Format: Book
Language:English
Published: New York : Harcourt, Brace, [1955]
Edition:[1st ed.].
Subjects:

MARC

Tag First Indicator Second Indicator Subfields
LEADER 00000cam a2200000 4500
001 in00000056575
005 20151008050336.0
008 701120s1955 nyu 00100 eng
010 |a  55005636  
035 |a (OCoLC)00372288 
035 |9 AAG0541AM 
040 |a DLC  |c DLC  |d TXA  |d UtOrBLW 
049 |a TXAM  |c [250522] 
050 0 0 |a JC311  |b .S48 
082 0 |a 320.15 
092 |a 320.15  |b S525n 
100 1 |a Shafer, Boyd C. 
245 1 0 |a Nationalism :  |b myth and reality. 
250 |a [1st ed.]. 
264 1 |a New York :  |b Harcourt, Brace,  |c [1955] 
300 |a 319 pages ;  |c 22 cm. 
336 |a text  |b txt  |2 rdacontent 
337 |a unmediated  |b n  |2 rdamedia 
338 |a volume  |b nc  |2 rdacarrier 
650 0 |a Nationalism. 
999 |a MARS 
999 f f |s ac8fcc1b-62ff-3556-85a6-450ec8b38eeb  |i ee606ed2-044f-3b36-8560-1f836c3c015d  |t 0 
952 f f |p ric  |a Texas A&M University  |b Rellis Campus  |c Joint Library Facility  |d Remote Storage  |t 0  |e JC311 .S48  |h Library of Congress classification  |i unmediated -- volume  |m A14800658389 
998 f f |a JC311 .S48  |t 0  |l Remote Storage